Memorias del Primer Simposio Científico sobre Pueblos Indígenas de Costa Rica; Parte A. Antropología social: pasado y presente. Contacto cultural /

Desde la Conquista los grupos indígenas ubicados en la zona de Talamanca, al sureste de Costa Rica han sufrido procesos de degradación de su cultura material cuyos efectos se reflejan en la adaptación de sus patrones de uso espacial a un ambiente alterado por diversas manifestaciones históricas de g...

Szczegółowa specyfikacja

Zapisane w:
Opis bibliograficzny
1. autor: Barrantes, Ramiro
Kolejni autorzy: Bozzoli de Wille, María Eugenia, Gudiño Fernández, Patricia
Format: Nieznany
Wydane: San José: Instituto Geográfico Nacional
Hasła przedmiotowe:
Etykiety: Dodaj etykietę
Nie ma etykietki, Dołącz pierwszą etykiete!

MARC

LEADER 00000 a2200000 04500
001 8394
003
008 991231s d
040
090 |a 130802  
100 1 |a Barrantes, Ramiro 
245 |a Memorias del Primer Simposio Científico sobre Pueblos Indígenas de Costa Rica; Parte A. Antropología social: pasado y presente. Contacto cultural /  |c Ramiro Barrantes  
260 |a San José:   |b Instituto Geográfico Nacional  
300 |a 219 p.  
520 |a Desde la Conquista los grupos indígenas ubicados en la zona de Talamanca, al sureste de Costa Rica han sufrido procesos de degradación de su cultura material cuyos efectos se reflejan en la adaptación de sus patrones de uso espacial a un ambiente alterado por diversas manifestaciones históricas de grupos culturales no indígenas y en una localización geográfica contradictoria con las formas tradicionales. Un ejemplo de ello es la localización de las comunidades bribis en las partes bajas de las cuencas de lso ríos Telire, Coén,  
650 |a ANALISIS HISTORICO  
650 |a ASPECTOS GEOGRAFICOS  
650 |a AMERINDIOS  
650 |a DISTRIBUCION GEOGRAFICA  
650 |a GEOLOGIA  
650 |a ASPECTOS GEOGRAFICOS  
700 |a   
700 |a Bozzoli de Wille, María Eugenia  
700 |a   
700 |a Gudiño Fernández, Patricia  
700 |a   
999 |c 16999  |d 16999